Statistics for 10 Most Rectangular Countries In Europe

Click here to take the quiz!

General Stats

  • This quiz has been taken 20 times
  • The average score is 6 of 10

Answer Stats

NumberCountry% Correct
0.899Romania
80%
0.919Poland
75%
0.897Bulgaria
70%
0.882Albania
65%
0.896Hungary
60%
0.884Luxembourg
60%
0.890Monaco
60%
0.921North Macedonia
60%
0.895San Marino
60%
0.883Germany
55%

Score Distribution

Percentile by Number Answered

Percent of People with Each Score

Your Score History

You have not taken this quiz